00000000nam##2200000za#4500
0019.540949
003CaOODSP
00520210615085552
007ta
008150406|2005||||xxc|||||     f|0| 0 fre|d
020 |a0-660-62799-X
040 |aCaOODSP|bfre
041 |aeng
041 |afre
043 |an-cn---
0861 |aBT31-2/2006-III-117
1101 |aCanada. |bConseil du trésor.
24510|aCentre des armes à feu Canada
2463 |aCentre des armes à feu Canada, budget des dépenses 2005-2006. Partie III, Rapport sur les plans et les priorités
260 |bSecrétariat du Conseil du Trésor du Canada |c2005.
300 |aTexte français, 54p. : |borganigramme, tableaux, index ; |c28 cm.
4901 |aBudget des dépenses 2005-2006. Partie III, Rapport sur les plans et les priorités
5203 |aLes rapports sur les plans et priorités (RPP) sont des plans de dépenses individuels pour chaque ministère et organisme (sauf les sociétés d’État) pour l’exercice 2005-2006. Ces rapports contiennent des renseignements sur les objectifs, les initiatives et les résultats prévus du ministère, y compris des liens vers des besoins connexes en ressources sur une période de trois ans. Le RPP fournit également des détails sur les besoins en ressources humaines, sur les principaux projets d’investissement, sur les subventions et contributions et sur les coûts nets des programmes.
563 |aCouverture souple
590 |a05-13|b2005-04-01
69107|aPrévisions budgétaires|2gcpds
7760#|tCanada Firearms Centre |w(CaOODSP)9.577185
7760#|tCentre des armes à feu Canada |w(CaOODSP)9.605995
791 |tCanada Firearms Centre |eeng|w(CaOODSP)9.540948
830#0|aBudget des dépenses 2005-2006. Partie III, Rapport sur les plans et les priorités.|w(CaOODSP)9.511085